Beauty and the Beast and other stories / (Record no. 110935)
[ view plain ]
| 000 -LEADER | |
|---|---|
| fixed length control field | 00471nam a2200169 a 4500 |
| 001 - CONTROL NUMBER | |
| control field | 4070 |
| 005 - DATE AND TIME OF LATEST TRANSACTION | |
| control field | 20140414131906.0 |
| 008 - FIXED-LENGTH DATA ELEMENTS--GENERAL INFORMATION | |
| fixed length control field | 081222s19uu xx 00 eng d |
| 020 ## - INTERNATIONAL STANDARD BOOK NUMBER | |
| International Standard Book Number | 0-439-44605-8 |
| 050 ## - LIBRARY OF CONGRESS CALL NUMBER | |
| Classification number | FIC |
| Item number | St4 2002 |
| 100 ## - MAIN ENTRY--PERSONAL NAME | |
| Personal name | Stephens, Sarah Hives |
| 245 ## - TITLE STATEMENT | |
| Title | Beauty and the Beast and other stories / |
| Statement of responsibility, etc | retold by Sarah Hives Stephens. |
| 260 ## - PUBLICATION, DISTRIBUTION, ETC. (IMPRINT) | |
| Place of publication, distribution, etc | New York : |
| Name of publisher, distributor, etc | Scholastic, |
| Date of publication, distribution, etc | c2002. |
| 300 ## - PHYSICAL DESCRIPTION | |
| Extent | 74 p. : ill. ; cm. |
| Withdrawn status | Lost status | Damaged status | Use restrictions | Home library | Current library | Shelving location | Date acquired | Source of acquisition | Cost, normal purchase price | Total Checkouts | Full call number | Barcode | Date last seen | Price effective from | Koha item type |
|---|---|---|---|---|---|---|---|---|---|---|---|---|---|---|---|
| Munich Library | Munich Library | Fiction Section | 12/22/2008 | 125.00 | FIC St4 2002 | M1465 | 04/14/2014 | 04/14/2014 | Books | ||||||
| Munich Library | Munich Library | Fiction Section | 12/22/2008 | 125.00 | FIC St4 2002 | M1459 | 04/14/2014 | 04/14/2014 | Books |